| 000 | 00579nam a2200193Ia 4500 | ||
|---|---|---|---|
| 005 | 20250326145320.0 | ||
| 008 | 250326s9999 xx 000 0 und d | ||
| 037 | _aTextbook | ||
| 040 |
_aFMSL _beng _cFMSL |
||
| 041 |
_aeng _2eng |
||
| 084 |
_aX:9 Q2 _qFMSL |
||
| 100 |
_aEby Tormes L T De _9750990 |
||
| 245 | 0 |
_aPersonal relationships: effect on employee attitudes, behavior and well-being _cEby Tormes L T De |
|
| 260 |
_aNY _bNY, Routledge _c2012 |
||
| 365 | _b4732.5369000000001 | ||
| 650 | _aManagement | ||
| 942 |
_cTB _hX:9 Q2 |
||
| 999 |
_c1307146 _d1307146 |
||